Gaming Quiz

Random Gaming Quiz

Bulbasaur Moveset Gen 1 Quiz Stats

 Plays Quiz not verified by Sporcle

Score 0/9 Timer 01:00
0 Plays Today
Lvl Move % Correct
1Tackle
97.3%
13Vine Whip
94.5%
1Growl
89.1%
27Razor Leaf
88.2%
7Leech Seed
85.5%
48Solar Beam
81.8%
41Sleep Powder
73.6%
20Poison Powder
72.7%
34Growth
51.8%

You're not logged in!

Compare scores with friends on all Sporcle quizzes.
OR
Log In

Sporcle TV

Today on Sporcle TV


Watch our educational content, quiz creation guides, and fun videos on Sporcle TV.

Show Comments

Extras

Created Aug 17, 2016ReportNominate
Tags:gen, Gen 1, Grass Pokémon, moveset

Top Quizzes Today


Score Distribution

Your Account Isn't Verified!

In order to create a playlist on Sporcle, you need to verify the email address you used during registration. Go to your Sporcle Settings to finish the process.

Report this User

Report this user for behavior that violates our Community Guidelines.

Details: